<?xml version="1.0" encoding="UTF-8"?>
<collection xmlns="http://www.loc.gov/MARC21/slim">
 <record>
  <leader>01163nam a2200229 a 4500</leader>
  <controlfield tag="001">1/54001</controlfield>
  <controlfield tag="008">211016u19##    enk           000 | eng d</controlfield>
  <datafield tag="020" ind1=" " ind2=" ">
   <subfield code="a">9789606610417</subfield>
  </datafield>
  <datafield tag="040" ind1=" " ind2=" ">
   <subfield code="a">GR-PeUP</subfield>
  </datafield>
  <datafield tag="082" ind1="0" ind2="0">
   <subfield code="a">889.3 ΠΑΠ</subfield>
  </datafield>
  <datafield tag="100" ind1="1" ind2=" ">
   <subfield code="a">Παπαδιαμάντης, Αλέξανδρος</subfield>
   <subfield code="d">1851-1911.</subfield>
  </datafield>
  <datafield tag="245" ind1="0" ind2="0">
   <subfield code="a">Όνειρο στο κύμα και άλλα διηγήματα /</subfield>
   <subfield code="c">Αλέξανδρος Παπαδιαμάντης, Σπύρου Κοκκίνη.</subfield>
  </datafield>
  <datafield tag="260" ind1=" " ind2=" ">
   <subfield code="a">Αθήνα :</subfield>
   <subfield code="b">Ίδρυμα Τύπου, </subfield>
   <subfield code="c">[19--].</subfield>
  </datafield>
  <datafield tag="300" ind1=" " ind2=" ">
   <subfield code="a">189 σ. ;</subfield>
   <subfield code="c">18 εκ.</subfield>
  </datafield>
  <datafield tag="490" ind1="1" ind2=" ">
   <subfield code="a">Τα Αριστουργήματα της Νεοελληνικής Λογοτεχνίας ;</subfield>
  </datafield>
  <datafield tag="500" ind1=" " ind2=" ">
   <subfield code="a">Συλλεκτική έκδοση. Έκδοση της εφημερίδας &quot;Ελεύθερος τύπος&quot;.</subfield>
  </datafield>
  <datafield tag="650" ind1=" " ind2="0">
   <subfield code="a">Greek literature, Modern.</subfield>
  </datafield>
  <datafield tag="650" ind1=" " ind2="4">
   <subfield code="a">Νεοελληνική λογοτεχνία.</subfield>
  </datafield>
  <datafield tag="700" ind1="1" ind2=" ">
   <subfield code="a">Κοκκίνης, Σπύρος Α.,</subfield>
   <subfield code="d">1928-</subfield>
  </datafield>
  <datafield tag="830" ind1="0" ind2=" ">
   <subfield code="a">Τα Αριστουργήματα της Νεοελληνικής Λογοτεχνίας.</subfield>
  </datafield>
  <datafield tag="852" ind1=" " ind2=" ">
   <subfield code="a">INST</subfield>
   <subfield code="b">UNIPILB</subfield>
   <subfield code="c">MAIN</subfield>
   <subfield code="e">20211016</subfield>
   <subfield code="h">889.3 ΠΑΠ</subfield>
   <subfield code="p">00186623</subfield>
   <subfield code="q">00186623</subfield>
   <subfield code="t">LOAN</subfield>
   <subfield code="y">0</subfield>
   <subfield code="4">1</subfield>
  </datafield>
  <datafield tag="960" ind1=" " ind2=" ">
   <subfield code="a">ΑΛΜΠΑΝΗ ΤΑΝΙΑ</subfield>
  </datafield>
 </record>
</collection>
